| 000 | 02197nam a2200349 a 4500 | ||
|---|---|---|---|
| 001 | 000008376 | ||
| 003 | DO-SdBPM | ||
| 005 | 20250917124521.0 | ||
| 007 | ta | ||
| 008 | 090916s1998 dr 000 0 spa d | ||
| 020 | _z60578410 | ||
| 040 |
_aDO-SdBPM _bspa _cBPMSU _drda |
||
| 082 | 4 |
_a303.4 _bV943n 1998 _222 |
|
| 245 | 0 | 3 |
_aLa voluntad de la nación : _bpropuestas aprobadas en la primera etapa del diálogo nacional / _cCordinadores Carlos Dore Cabral, Esther Hernández Medina. |
| 264 |
_aSanto Domingo : _bAlfa y Omega, _c1998. |
||
| 300 |
_a443 páginas ; _c29 cm. |
||
| 336 |
_atexto _btxt _2rdacontent |
||
| 337 |
_asin mediación _bn _2rdamedia |
||
| 338 |
_avolumen _bnc _2rdacarrier |
||
| 505 | 0 | _aPolíticas económicas 33 -- Políticas sociales / educación y deportes 51 -- Políticas sociales / salud, población y seguridad social 81-- Políticas sociales / mujer-género 105 -- Políticas sociales / políticas generales 115 -- Sectores populares, comunitarios y sindicales 125 -- Reforma políticas 131 -- Estado de derecho 141 -- Políticas culturales 149 -- Políticas internacionales 165|Infraestructura y energía 181|Agropecuaria 195|Medio ambiente y recursos naturales 215 -- Políticas económicas 229 -- Políticas sociales / educación y deportes 237 -- Políticas sociales / salud, población y seguridad social 238 -- Políticas sociales / mujer-género 241 -- Políticas sociales / generales 242 -- Sectores populares, comunitarios y sindicales 247 -- Reformas políticas 269 -- Estado de derecho 277 -- Política culturales 301 -- Política internacionales 307 -- Infraestructura y energía 333 -- Política agropecuaria 383 -- Subcomisión recursos naturales y medio ambiente 395. | |
| 590 | _aInventariado, 2025/VM | ||
| 650 | 7 |
_aCambio social _zRepública Dominicana |
|
| 650 | 7 |
_aPolítica cultural _zRepública Dominicana |
|
| 650 | 7 | _aPolítica de desarrollo | |
| 650 | 7 | _aEstado de derecho | |
| 650 | 7 | _aMedio ambiente | |
| 651 | 4 |
_aRepública Dominicana _xPolítica Económica |
|
| 700 | 1 |
_aDore Cabral, Carlos _eCordinador |
|
| 700 | 1 |
_a Hernández Medina., Esther _eCordinador |
|
| 910 | _aVMateo V. Control de calidad. BPMSU | ||
| 942 |
_2ddc _cBK |
||
| 999 |
_c15401 _d15401 |
||